000 00296nam a2200121Ia 4500
005 20251222152036.0
008 251222s9999||||xx |||||||||||||| ||spa||
082 _a635.982/P93
100 _aPuig Ulloa, Paola
245 0 _aNaturaleza en casa
264 _bCentro de Investigación
942 _cLIB
999 _c25863
_d25863